Viaje sin retorno desde un puerto fantasma / (Registro nro. 14560)

Detalles MARC
000 -LIDER
fixed length control field 00797nam a2200253 a 4500
001 - NÚMERO DE CONTROL
Identificador de número de control 000048262
003 - IDENTIFICACDOR DE NÚMERO DE CONTROL
control field DO-SdBNP
005 - DATE AND TIME OF LATEST TRANSACTION
control field 20240207124425.0
008 - ELEMENTOS DE LONGITUD FIJA
fixed length control field 181210s2015 dr 000 0 spa d
020 ## - ISBN
International Standard Book Number 9789945167160
040 ## - FUENTE DE CATALOGACIÓN
Agencia que crea de manera original el registro DO-SdBNP
Idioma de catalogación spa
Agencia que realiza la transcripción BPMSU
082 ## - NÚMERO DE CLASIFICACIÓN DECIMAL DE DEWEY
Classification number RD863.5
Item number C527v 2015
Edition number 22
100 1# - ASIENTO PRINCIPAL -- NOMBRE PERSONAL
Nombre personal Chevalier, Nan,
Fechas asociadas con el nombre 1965-
100 z# - ASIENTO PRINCIPAL -- NOMBRE PERSONAL
Nombre personal Chevalier, Reynaldo Paulino,
Fechas asociadas con el nombre 1965-
245 10 - MENCIÓN DE TITULO
Título Viaje sin retorno desde un puerto fantasma /
Mención de responsabilidad Nan Chevalier.
260 ## - PUBLICACIÓN, DISTRIBUCIÓN, ETC. (PIE DE IMPRENTA)
Lugar de publicación, distribución, etc Santo Domingo, :
Nombre del editor, distribuidor, etc. Editora Búho,
Fecha de publicación, distribución, etc 2015.
300 ## - DESCRIPCIÓN FÍSICA
Extensión 123 p. ;
Dimensiones 22 cm.
500 ## - NOTA GENERAL
Nota general Incluye datos biográficos del autor en la solapa de la cubierta
590 ## - NOTA LOCAL
Texto de la nota local Inventariado, 2027/ VM
650 #4 - ENCABEZAMIENTO DE MATERIA--TEMÁTICO
Término temático o nombre geográfico como elemento de entrada Novela dominicana
650 #4 - ENCABEZAMIENTO DE MATERIA--TEMÁTICO
Término temático o nombre geográfico como elemento de entrada Literatura dominicana
910 ## - VALIDACIÓN
Validación VMateo V. Control de calidad.
942 ## - ADDED ENTRY ELEMENTS (KOHA)
Source of classification or shelving scheme Dewey Decimal Classification
Koha item type Libros
Existencias
Withdrawn status Lost status Source of classification or shelving scheme Damaged status Not for loan Collection code Home library Current library Date acquired Total Checkouts Full call number Barcode Date last seen Price effective from Koha item type Copy number
    Dewey Decimal Classification     Colección Dominicana Biblioteca Pública Metropolitana Salomé Ureña Biblioteca Pública Metropolitana Salomé Ureña 02/07/2024   BPMSU CD RD863.5 C527v 2015 BPMSU24020017 02/07/2024 02/07/2024 Libros  
    Dewey Decimal Classification     Colección Dominicana Biblioteca Pública Metropolitana Salomé Ureña Biblioteca Pública Metropolitana Salomé Ureña 02/07/2024   BPMSU CD RD863.5 C527v 2015 BPMSU26010036 01/23/2026 02/07/2024 Libros e.2